| 000 | 00505nam a2200181Ia 4500 | ||
|---|---|---|---|
| 001 | 13807 | ||
| 005 | 20260306164828.0 | ||
| 008 | 260306t2017||||xx |||||||||||||| ||spa|| | ||
| 041 | _aESP | ||
| 082 |
_a005.3 _bK61 |
||
| 100 |
_aKleppmann, Martin _eAUT |
||
| 245 | 0 |
_aDesigning data-intensive applications: _bthe big ideas behind reliable, scalable, and maintainable systems |
|
| 260 | _c2017 | ||
| 300 |
_axix, 590 páginas : _c23 cm. |
||
| 650 | _aGEN | ||
| 654 | _aCCC | ||
| 942 |
_cLIB _dJUS _fJUS _2ddc _n |
||
| 999 |
_c13807 _d13807 |
||